El planteamiento estratégico (Registro nro. 3024)

Detalles MARC
000 -LEADER
fixed length control field 01973 a2200241 4500
001 - CONTROL NUMBER
control field 39337
005 - DATE AND TIME OF LATEST TRANSACTION
control field 20260407155652.0
008 - FIXED-LENGTH DATA ELEMENTS--GENERAL INFORMATION
fixed length control field 260407a1990 arg spa d
003 - CONTROL NUMBER IDENTIFIER
control field AR-UNSa-BCEJYS
040 ## - CATALOGING SOURCE
Original cataloging agency AR-UNSa-BCEJYS
Language of cataloging spa
Transcribing agency AR-UNSa-BCEJYS
080 ## - UNIVERSAL DECIMAL CLASSIFICATION NUMBER
Universal Decimal Classification number 658.012.2
Common auxiliary subdivision Planificación. Programas. Planes. Medidas de apoyo a la planificación( Administración estratégica...)
020 ## - INTERNATIONAL STANDARD BOOK NUMBER
International Standard Book Number 968-24-3929-9
100 1# - MAIN ENTRY--PERSONAL NAME
Personal name Ansoff, H.I.
245 10 - TITLE STATEMENT
Title El planteamiento estratégico
Name of part/section of a work nueva tendencia de la administración
264 #1 - PRODUCTION, PUBLICATION, DISTRIBUTION, MANUFACTURE, AND COPYRIGHT NOTICE
Place of production, publication, distribution, manufacture México :
Name of producer, publisher, distributor, manufacturer Trillas
Date of production, publication, distribution, manufacture, or copyright notice 1990
300 ## - PHYSICAL DESCRIPTION
Extent 284 p.
Dimensions 23 cm.
505 ## - FORMATTED CONTENTS NOTE
Formatted contents note Parte I: Marco de trabajo conceptual :1. Un nuevo paradigma en el estudio de metas de organización - 2. La dinámica de normas en la administración estratégica - Parte II: Transformación de la postura estratégica : 3. De la planeación estratégica a la administración estratégica - 4. Diseño de una intervención de consultoría para la administración - Parte III: Estratégica y estructura : 5. Hacia un concepto comprensivo del comportamiento estratégico de adaptación de la empresa - 6. La administración estratégica de Hungría - 8. Financiamiento de la acción estratégica - 9. Implicaciones estratégicas en el diseño de organización - Parte IV: El administrador estratégico : 10. El administrador en proceso de cambio - 11.Diseño organizacional, motivación del empleado y apoyo de la motivación estratégica - 12. Sobre el desarrollo personal del director estratégico - Parte V: Educación, selección y entrenamiento : 13. Hacia la mejor selección y colocación de los directores estratégicos - 14. Diseño de un programa de desarrollo administrativo dentro de la empresa, para la administración estrátegica.
590 ## - LOCAL NOTE (RLIN)
Local note niveau_biblio:m niveau_hierar:0
700 1# - ADDED ENTRY--PERSONAL NAME
Personal name Declerck, R.P.
700 1# - ADDED ENTRY--PERSONAL NAME
Personal name Hayes, R.L.
856 41 - ELECTRONIC LOCATION AND ACCESS
Uniform Resource Identifier <a href="https://biblioeco.unsa.edu.ar/pmb/images/libros/L53714.jpg">https://biblioeco.unsa.edu.ar/pmb/images/libros/L53714.jpg</a>
Link text Imagen de portada
Electronic format type image/jpeg
942 ## - ADDED ENTRY ELEMENTS (KOHA)
Koha item type
Existencias
Withdrawn status Lost status Damaged status Not for loan Home library Current library Shelving location Date acquired Total checkouts Full call number Barcode Date last seen Price effective from Koha item type
        Biblioteca Prof. Eusebio Cleto del Rey Biblioteca Prof. Eusebio Cleto del Rey   07/04/2026   658.012.2 A622 L53714 07/04/2026 07/04/2026 Libro